000 00525cam a22001691 4500
005 20250901165332.0
008 720308s1967 ilua b 000 0 eng
010 _a 67017038
050 0 0 _aHF5549 .F582 1967
_b.F582 1967
082 _a658.3/08
100 1 _aFleishman, Edwin A.
_eed.
245 1 0 _aStudies in personnel and industrial psychology,
_cedited by Edwin A. Fleishman.
250 _aRev. [i. e. 2d] ed.
260 _aHomewood, Ill.,
_bDorsey Press,
_c1967.
300 _axiv, 821 p.
_billus.
_c24 cm.
942 _2ddc
999 _c2343
_d2343